<?xml version="1.0" encoding="UTF-8"?>
<marc:record xmlns:marc="http://www.loc.gov/MARC21/slim">
   <marc:leader>00000nam a2200000 a 4500</marc:leader>
   <marc:datafield ind1="1" ind2=" " tag="100">
      <marc:subfield code="a">Till, Jochen</marc:subfield>
      <marc:subfield code="4">aut</marc:subfield>
      <marc:subfield code="e">Verfasser/-in</marc:subfield>
   </marc:datafield>
   <marc:datafield ind1=" " ind2=" " tag="653">
      <marc:subfield code="a">Kinderbuch</marc:subfield>
   </marc:datafield>
   <marc:datafield ind1=" " ind2=" " tag="653">
      <marc:subfield code="a">Kinderbücher bis 11-Jahre</marc:subfield>
   </marc:datafield>
   <marc:datafield ind1="0" ind2="0" tag="245">
      <marc:subfield code="a">Schule ist die Hölle</marc:subfield>
   </marc:datafield>
   <marc:datafield ind1=" " ind2="1" tag="264">
      <marc:subfield code="b">Loewe</marc:subfield>
      <marc:subfield code="c">2020</marc:subfield>
   </marc:datafield>
   <marc:datafield ind1="1" ind2=" " tag="490">
      <marc:subfield code="a">Luzifer junior / Jochen Till</marc:subfield>
   </marc:datafield>
   <marc:datafield ind1="1" ind2=" " tag="520">
      <marc:subfield code="a">Weil er für einen Teufel viel zu lieb ist, wird Luzifer junior von seinem Vater auf die Erde geschickt. Ob er bei uns hier oben wohl lernt, wie man richtig böse wird?

Der CEO taucht plötzlich in St. Fidibus auf! Klar, er ist auch Luzies Opa, aber das macht es nicht wirklich besser. Und dann will er auch noch bleiben, um seine Enkelkinder besser kennenzulernen. Aber Luzie und Lilly brauchen keinen Opa, schon gar keinen, der sich in alles einmischt und einfach alles kann! Die beiden wollen ihn so schnell wie möglich wieder loswerden... (Quelle: Buchcover)</marc:subfield>
   </marc:datafield>
   <marc:datafield ind1=" " ind2=" " tag="020">
      <marc:subfield code="a">9783743204041</marc:subfield>
      <marc:subfield code="9">9783743204041</marc:subfield>
   </marc:datafield>
</marc:record>
